Co je důležité v praktickém marketingu pro úspešnosť firmy
Článok popisuje formy a metódy marketingovej práce vo firme Auto Heller v Moravskosliezskom regióne, ktorá patrí do obchodného reťazca automobilovej spoločnosti koncernu Volkswagen. Autorka naznačuje hlavné oblasti, na ktoré sa marketing vo firme sústreďuje. Využívanie všetkých prvkov komunikačného...
Gespeichert in:
| 1. Verfasser: | |
|---|---|
| Format: | Buchkapitel |
| Sprache: | Tschechisch |
| Schlagworte: | |
| Tags: |
Keine Tags, Fügen Sie das erste Tag hinzu!
|
MARC
| LEADER | 00000naa$a2200000$$$4500 | ||
|---|---|---|---|
| 001 | 0027391 | ||
| 005 | 20231114075234.2 | ||
| 041 | 0 | |a cze | |
| 044 | |a CZ | ||
| 245 | 1 | 0 | |a Co je důležité v praktickém marketingu pro úspešnosť firmy |c Iveta Gráfová-Hellerová |
| 520 | |a Článok popisuje formy a metódy marketingovej práce vo firme Auto Heller v Moravskosliezskom regióne, ktorá patrí do obchodného reťazca automobilovej spoločnosti koncernu Volkswagen. Autorka naznačuje hlavné oblasti, na ktoré sa marketing vo firme sústreďuje. Využívanie všetkých prvkov komunikačného mixu. Marketing sa musí stať súčasťou myslenia a konania všetkých zamestnancov firmy. | ||
| 610 | 2 | 0 | |a komunikácia marketingová |
| 610 | 2 | 0 | |a marketing |
| 610 | 2 | 0 | |a firmy |
| 610 | 2 | 0 | |a podnikatelia |
| 610 | 2 | 0 | |a marketing mix |
| 610 | 2 | 0 | |a Česko |
| 100 | 1 | |a Gráfová-Hellerová, Iveta | |